| 000 | 00420nam a2200145Ia 4500 | ||
|---|---|---|---|
| 008 | 230917s9999||||xx |||||||||||||| ||und|| | ||
| 040 |
_e74333 _aMAIN |
||
| 041 | _aEnglish | ||
| 082 | _a338.04 H757O | ||
| 100 | _aHoneyman, Katrina | ||
| 245 | 0 | _aOrigins of enterprise: Business leadership in the industrial revolution | |
| 260 |
_aNew York _bManchester University Press _c1982 |
||
| 300 | _avii, 204 p. | ||
| 942 | _cBK | ||
| 999 |
_c231551 _d231551 |
||